<?xml version="1.0" encoding="UTF-8"?>
<record
    xmlns:xsi="http://www.w3.org/2001/XMLSchema-instance"
    xsi:schemaLocation="http://www.loc.gov/MARC21/slim http://www.loc.gov/standards/marcxml/schema/MARC21slim.xsd"
    xmlns="http://www.loc.gov/MARC21/slim">

  <leader>00767nam a22001937a 4500</leader>
  <controlfield tag="003">BDDh-ASL</controlfield>
  <controlfield tag="005">20231015031351.0</controlfield>
  <controlfield tag="008">230503m19852006b  ||||| |||| 00| 0 b   d</controlfield>
  <datafield tag="040" ind1=" " ind2=" ">
    <subfield code="c">BDDh-ASL</subfield>
  </datafield>
  <datafield tag="041" ind1=" " ind2=" ">
    <subfield code="a">bengali </subfield>
  </datafield>
  <datafield tag="082" ind1=" " ind2=" ">
    <subfield code="a">910.02</subfield>
    <subfield code="b">ISP</subfield>
  </datafield>
  <datafield tag="100" ind1="1" ind2=" ">
    <subfield code="a">&#x987;&#x9B8;&#x9B2;&#x9BE;&#x9AE;, &#x9AE;&#x9CB;&#x9B9;&#x9BE;&#x9AE;&#x9CD;&#x9AE;&#x9A6; &#x9A8;&#x99C;&#x9B0;&#x9C1;&#x9B2;</subfield>
    <subfield code="c">&#x9AA;&#x9CD;&#x9B0;&#x9AB;&#x9C7;&#x9B8;&#x9B0;</subfield>
    <subfield code="9">8164</subfield>
  </datafield>
  <datafield tag="245" ind1="1" ind2="0">
    <subfield code="a">&#x9AA;&#x9CD;&#x9B0;&#x9BE;&#x995;&#x9C3;&#x9A4;&#x9BF;&#x995; &#x9AD;&#x9C2;&#x997;&#x9CB;&#x9B2;&#x964; /</subfield>
  </datafield>
  <datafield tag="246" ind1=" " ind2=" ">
    <subfield code="a">Prakritik Bhugol. </subfield>
  </datafield>
  <datafield tag="260" ind1=" " ind2=" ">
    <subfield code="a">&#x9A2;&#x9BE;&#x995;&#x9BE;: </subfield>
    <subfield code="b">&#x986;&#x987;&#x9A1;&#x9BF;&#x9AF;&#x9BC;&#x9BE;&#x9B2; &#x9B2;&#x9BE;&#x987;&#x9AC;&#x9CD;&#x9B0;&#x9C7;&#x9B0;&#x9C0;, </subfield>
    <subfield code="c">&#x9E8;&#x9E6;&#x9E6;&#x9EC;&#x964; </subfield>
  </datafield>
  <datafield tag="300" ind1=" " ind2=" ">
    <subfield code="a">&#x9EB;&#x9E9;&#x9EA; &#x9AA;&#x9C3;&#x9B7;&#x9CD;&#x9A0;&#x9BE;: </subfield>
    <subfield code="b">&#x99B;&#x9AC;&#x9BF;; </subfield>
    <subfield code="c">&#x9E8;&#x9E9; &#x9B8;&#x9C7;.&#x9AE;&#x9BF;. </subfield>
  </datafield>
  <datafield tag="650" ind1=" " ind2="0">
    <subfield code="a">Geography (&#x9AD;&#x9C2;&#x997;&#x9CB;&#x9B2;)</subfield>
    <subfield code="9">5601</subfield>
    <subfield code="x">&#x9AA;&#x9CD;&#x9B0;&#x9BE;&#x995;&#x9C3;&#x9A4;&#x9BF;&#x995; &#x9AD;&#x9C2;&#x997;&#x9CB;&#x9B2;, Physical Geography</subfield>
  </datafield>
  <datafield tag="942" ind1=" " ind2=" ">
    <subfield code="2">ddc</subfield>
    <subfield code="c">BK</subfield>
  </datafield>
  <datafield tag="952" ind1=" " ind2=" ">
    <subfield code="0">0</subfield>
    <subfield code="1">0</subfield>
    <subfield code="2">ddc</subfield>
    <subfield code="4">0</subfield>
    <subfield code="7">0</subfield>
    <subfield code="8">NFIC</subfield>
    <subfield code="a">ASL</subfield>
    <subfield code="b">ASL</subfield>
    <subfield code="c">GEN</subfield>
    <subfield code="d">2023-05-03</subfield>
    <subfield code="e">Donated by National Atlas of Bangladesh Project</subfield>
    <subfield code="l">0</subfield>
    <subfield code="o">910.02 ISP</subfield>
    <subfield code="p">121052</subfield>
    <subfield code="r">2023-05-03 00:00:00</subfield>
    <subfield code="t">C-1</subfield>
    <subfield code="w">2023-05-03</subfield>
    <subfield code="y">BK</subfield>
    <subfield code="z">Y-2006</subfield>
  </datafield>
  <datafield tag="999" ind1=" " ind2=" ">
    <subfield code="c">32243</subfield>
    <subfield code="d">32243</subfield>
  </datafield>
</record>
